Normal view
MARC view
- Antony, Martin M.
Entry Personal Name
001 - CONTROL NUMBER
- control field: 36165
003 - CONTROL NUMBER IDENTIFIER
- control field: OSt
005 - DATE AND TIME OF LATEST TRANSACTION
- control field: 20141008124517.0
008 - FIXED-LENGTH DATA ELEMENTS
- fixed length control field: 141008|| aca||aabn | a|a d
040 ## - CATALOGING SOURCE
- Original cataloging agency: OSt
100 1# - HEADING--PERSONAL NAME
- Personal name: Antony, Martin M.